1881 1377 1523 1230 1505 1878 1150 1593 1853 1183 1379 1557 1613 1637 1449 1435 1287 1430 1730 1160 1856 1632 1909 1735 1528 1821 1449 1516 1402 1825 1003 1180 1072 1099 1270 1036 1298 1132 1894 1969 1784 1328 1167 1296 1998 1420 1381 1290 1209 1256 1650 1606 1962 1154 1604 1276 1912 1622 1449 1649 1039 1446 1668 1875 1126 1357 1424 1724 1700 1240 2000 1692 1121 1991 1232 1016 1708 1692 1200 1253 1697 1103 1572 1506 1704 1576 1264 1616 1582 1956 1245 1085 1435 1329 1342 1963 1191 1160 1893 BCNSPRNW ULIB Ver.6.0+V

เปลี่ยนเป็นภาษาไทย

Change to English
 แสดงรายละเอียดบรรณานุกรม
  กลับหน้าหลัก

Brief Record : Get Marc (ISO 2709) : E-mail record : QR code < ปิดหน้าต่าง
LEADER : 00000nam 2200000uu 4500
001    13399121287
003     ULIB
008    121114s2550||||th 000 0 tha d
020    ^a9746456407 (ล.2)
050 04 ^aPL4161^bส747ภ 2550
110 1  ^aมหาวิทยาลัยสุโขทัยธรรมาธิราช
245 10 ^aประมวลสาระชุดวิชา ภาษาไทยเพื่อการสื่อสาร หน่วยที่ 8-15/^cมหาวิทยาลัยสุโขทัยธรรมาธิราช
246 30 ^aภาษาไทยเพื่อการสื่อสาร
250    ^aพิมพ์ครั้งที่ 8
260    ^aนนทบุรี :^bมหาวิทยาลัยสุโขทัยธรรมาธิราช,^c2550
300    ^a2 เล่ม ;^c30 ซม
500    ^aล.1 : หน่วยที่ 1-7 -- ล.2 : หน่วยที่ 8-15
505 2  ^aล.1 : การสื่อสารด้วยภาษา -- ความคิดกับภาษา --หลักการใช้คำเพื่อการสื่อสาร -- การรับสารอย่างมีวิจารณญาณ -- ปัญหาการใช้ภาษา -- การพัฒนาทักษะภาษา -- ล.2 : การอธิบายและการชี้แจง -- การแสดงความคิดเห็น -- การเจรจาต่อรอง --การปลอบใจ -- การโน้มน้าวใจ -- การวางแผนและการนำเสนอ -- การรายงาน -- หนังสือโต้ตอบ
650  7 ^aการสื่อสาร
650  7 ^aการสื่อสารทางภาษา
650  7 ^aการเขียน
700 0  ^aศักดา ปั้นเหน่งเพ็ชร์
710 2  ^aมหาวิทยาลัยสุโขทัยธรรมาธิราช สาขาศิลปศาสตร์
945    ^p0^l0^i14784
945    ^p0^l0^i14785
995    ^aกัณชพร
999 ^a กัณชพร
รายการนี้ยังไม่มีแท็ก
คุณยังไม่ได้ล็อกอิน คุณสามารถมีกิจกรรมร่วมกับเว็บไซต์ได้ แต่ต้องล็อกอินก่อน ::
  ล็อกอิน

รายการสื่อสารสนเทศ

ลำดับที่ ประเภท เลขเรียก/บาร์โค้ด สถานที่ สถานะ
1. วิทยาศาสตร์การแพทย์ และสุขภาพ
วิทยาศาสตร์การแพทย์ และสุขภาพ
PL4161 ส747ภ 2550  
  Barcode: 14784
ห้องสมุดวิทยาเขตสวรรค์ประชารักษ์
►หนังสือทั่วไป
บนชั้น
2. วิทยาศาสตร์การแพทย์ และสุขภาพ
วิทยาศาสตร์การแพทย์ และสุขภาพ
PL4161 ส747ภ 2550 ฉ.2 
  Barcode: 14785
ห้องสมุดวิทยาเขตสวรรค์ประชารักษ์
►หนังสือทั่วไป
บนชั้น

รายการใกล้เคียง
    หัวเรื่อง [การสื่อสาร]
    หัวเรื่อง [การสื่อสารทางภาษา]
    หัวเรื่อง [การเขียน]

BibComment


ยังไม่เคยถูกคอมเมนท์

คอมเมนท์ทรัพยากรรายการนี้
  คอมเมนท์: ประมวลสาระชุดวิช..


 Copyright 2026. Bcnsprnw @Library